000
00252nam a2200109Ia 4500
008
230917s9999||||xx |||||||||||||| ||und||
040
_e
205119
_a
MAIN
041
_a
English
082
_a
338.4791 E19E
245
0
_a
Encyclopedia of tourism
942
_c
BK
999
_c
143489
_d
143489